Un Codi per al dret civil de Catalunya: idealisme o pragmatisme? (Registro nro. 161222)
[ vista simple ]
| 000 -LEADER | |
|---|---|
| fixed length control field | 02852cam a2200325 a 4500 |
| 007 - PHYSICAL DESCRIPTION FIXED FIELD--GENERAL INFORMATION | |
| fixed length control field | cr|||| |||| |
| 008 - FIXED-LENGTH DATA ELEMENTS--GENERAL INFORMATION | |
| fixed length control field | 110511s2011 spc 000 0 spa c |
| 017 ## - | |
| -- | DL SE. 2277-2011 |
| 020 ## - INTERNATIONAL STANDARD BOOK NUMBER | |
| International Standard Book Number | 9788476989609 |
| 035 ## - | |
| -- | 6012 |
| 040 ## - CATALOGING SOURCE | |
| Modifying agency | vLex |
| 090 ## - | |
| -- | 2803 |
| -- | 2803 |
| 245 03 - TITLE STATEMENT | |
| Title | Un Codi per al dret civil de Catalunya: idealisme o pragmatisme? |
| Medium | [Recurso electrónico] : |
| Remainder of title | estudis en commemoració del 50è aniversari de la Compilació / |
| Statement of responsibility, etc | Sergio Llebaría Samper, coordinador ; Alfonso Arroyo Díez ... [et al.] |
| 256 ## - | |
| -- | Servicio en línea |
| 260 ## - PUBLICATION, DISTRIBUTION, ETC. (IMPRINT) | |
| Place of publication, distribution, etc | Barcelona : |
| Name of publisher, distributor, etc | ESADE. Facultad de Derecho. Universidad Ramon Llull : |
| -- | J.M. Bosch, |
| Date of publication, distribution, etc | 2011 |
| 300 ## - PHYSICAL DESCRIPTION | |
| Extent | 1 recurso electrónico |
| 500 ## - GENERAL NOTE | |
| General note | El 21 de juliol de 2010 la Compilació del Dret civil especial de Catalunya va complir 50 anys. I els va complir aprimada i agonitzant, ja que molts dels seus 344 articles ja han estat derogats. Però lluny de ser això motiu de lamentació, desperta si més no un insondable interès, atès que la causa de la seva agonia no és una altra que la Codificació del Dret civil de Catalunya. Morirà la Compilació, en un sacrifici excels a favor del creixement de Dret civil català. Per tant, l'aniversari serveix també per celebrar el nostre propi procés codificador. Però celebrar una efemèride no és incompatible amb el judici crític que qualifica al jurista. Què ha passat i què està passant en aquest creixement normatiu? Quins avantatges i virtuts presenta la codificació del Dret civil? Està exempta de riscos i desencerts? Tot això ens ha preocupat als professors de la Facultat de Dret d'ESADE (URL), i no solament de Dret civil. Preocupació que hem traslladat en el 2010 a seminaris i debats, fruit dels quals són els diferents treballs que conté el present llibre. Diferents òptiques, diferents matèries, diferent metodologia i diferents conclusions, expressives del pluralisme i de la independència que caracteritza el nostre claustre. |
| 504 ## - BIBLIOGRAPHY, ETC. NOTE | |
| Bibliography, etc | Referencias bibliográficas |
| 506 1# - RESTRICTIONS ON ACCESS NOTE | |
| Terms governing access | Contenido solo disponible en los productos indicados |
| Authorized users | vLex Global |
| -- | vLex Global (Academic Edition, excluding Law Schools) |
| -- | vLex Global (U.S. Academic Edition, Law Schools) |
| -- | vLex Global (U.S. Academic Edition, excluding Law Schools) |
| -- | vLex Global (Academic Edition, Law Schools) |
| 650 #4 - SUBJECT ADDED ENTRY--TOPICAL TERM | |
| Topical term or geographic name as entry element | Derecho civil |
| Geographic subdivision | Cataluña |
| 650 #4 - SUBJECT ADDED ENTRY--TOPICAL TERM | |
| Topical term or geographic name as entry element | Codificación del derecho |
| 700 1# - ADDED ENTRY--PERSONAL NAME | |
| Personal name | Llebaría Samper, Sergio, |
| Relator term | coord. |
| 700 1# - ADDED ENTRY--PERSONAL NAME | |
| Personal name | Arroyo Díez, Alfonso |
| 740 0# - | |
| -- | vLex Libros (Servicio en línea) |
| 830 #0 - | |
| -- | Bosch formación |
| 830 #0 - | |
| -- | Colección de formación continua Facultad de Derecho ESADE ; |
| -- | 8 |
| 856 40 - LOCALIZACIÓN Y ACCESO ELECTRÓNICO | |
| Identificador Uniforme del Recurso (URI/URL) | https://app.vlex.com/#/sources/codi-dret-civil-catalunya-idealisme-pragmatisme-estudis-en-commemoracio-del-50e-aniversari-compilacio-6012 |
| 942 ## - | |
| -- | RAA |
| 999 ## - | |
| -- | 161222 |
| -- | 161222 |
No hay ítems disponibles.